000
00328nam a2200145Ia 4500
008
191201s2004 xx 000 0 und d
082
_a
429
_b
ROE
100
_a
ROY, A
245
0
_a
English for Students of Science
250
_a
1st
260
_a
N.Delhi
_b
Orient L
_c
2004
300
_a
234
650
_a
Applied
942
_2
ddc
_c
BK
999
_c
921
_d
921